000 00233nam a2200097Ia 4500
001 689868
005 20250826161805.0
008 250824s9999 xx 000 0 und d
245 0 _aUZAK ÜLKE
_cFATMA ALİYE
260 _bTİMAŞ YAYINLARI
999 _c689868
_d689868